Harvard business essentials : marketer's toolkit : the 10 strategies you need to success

Bibliographic Details
Format: Book
Language:English
Published: Boston : Harvard Business School Press , 2006
Subjects:

MARC

LEADER 00000cam a2200000 7i4500
001 0000019988
005 20091112.0
008 091111s maua eng
020 |a 978159397625 ,   |c RM99.80 
040 |a INS 
090 0 0 |a HF5415   |b H37 2006 
245 0 0 |a Harvard business essentials :   |b marketer's toolkit : the 10 strategies you need to success 
260 |a Boston :   |b Harvard Business School Press ,   |c 2006 
300 |a viii, 230p. :   |b ill. ;   |c 24cm. 
500 |a Includes index 
650 0 |a Marketing   |x Handbooks, manuals, etc. 
650 0 |a Strategic planning   |x Handbooks, manuals, etc. 
999 |a 0000021253   |b BOOK   |c Open Shelf   |e Default branch 
999 |a 0000021268   |b BOOK   |c Open Shelf   |e Default branch 
999 |a 0000021398   |b BOOK   |c Open Shelf   |e Default branch